000 00650nam a2200205 a 4500
001 000015600
005 20240412074244.0
008 100215s2004 dr r 001 j spa d
020 _z9993432155
040 _aDO-SdBNP
_bspa
_cBNPHU
082 _aRD863.44
_bM516d
100 1 _aMejía, Miriam
_935183
245 1 0 _aDe fantasmas interiores y otras complejidades :
_bcuentos /
_cMíriam Mejía.
260 _aSanto Domingo :
_bLetra gráfica,
_c2004.
300 _a110 p. ;
_c22 cm.
590 _aInventariado, 2020/BT
650 0 _aCuentos dominicanos
_9176
650 0 _aLiteratura dominicana.
_967
910 _aValidado. Control de calidad. MMOLINA
999 _c15155
_d15155